| 000 | 00530nam a2200133Ia 4500 | ||
|---|---|---|---|
| 008 | 220512s9999 xx 000 0 eng d | ||
| 100 | _aRamaswamy, K V | ||
| 245 | 0 |
_aServices-led Growth, Employment and Job Quality: A Study of Manufacturing and Services-Service-sector in Urban India / _cRamaswamy, K V and Agarwal, Tushar |
|
| 260 |
_aMumbai : _bIndira Gandhi Institute of Development Research, _cMar-12 |
||
| 500 | _aMumbai Working Paper No WP-2012-007 | ||
| 546 | _aEnglish | ||
| 700 | _aAgarwal, Tushar | ||
| 942 | _cPR | ||
| 999 |
_c36788 _d36788 |
||